LEADER 00813nam a2200205 i 4500 001 000000216779 003 CaOOAMICUS 005 20121109000000.0 008 121109s1927 it u000 u ita u 013 $a195675 040 $aSeMil$bita 100 1 $aGiulini, Gino.$0(OLS)http://semarc/name/15879 245 13$aLa piazza del Duomo di Milano /$cGino Giulini. 260 $aMilano :$bLibreria Editrice Milanese,$c1927. 300 $a158 p., [34] p. di tav. :$bill. ;$c22 cm. 650 4$aMilano - Duomo.$0(OLS)http://semarc/subject/2739 850 $aSeMil 852 $aSeMil$W1$xVenegono$y1$m3O III 42$j167195$B167195$CSeMilBibl$Z2$F177971 $81 996 $6245$aLa piazza del Duomo di Milano$9(OLS)http://semarc/title/311634 996 $6260$aMilano :$bLibreria Editrice Milanese$9(OLS)http://semarc/publisher/33871 LEADER 00786nam a2200181 i 4500 001 000000219207 003 CaOOAMICUS 005 20130313000000.0 008 130313s1905 xx u000 u mul u 013 $a198104 040 $aSeMil$bita 100 1 $aColomiatti, Emanuele.$0(OLS)http://semarc/name/12883 245 10$aRubricae seu summaria Codicis iuris pontificii seu canonicii /$cd. Emanuel Colomiatti. 300 $aVIII, 400 p. ;$c26 cm. 773 0 $aColomiatti, Emanuele$tCodex iuris pontificii seu canonici.$dTorino : Ex Typographia G. Derossi, 1888-1906.$w()28191 850 $aSeMil 852 $aSeMil$W1$xVenegono$y1$m2J IV 29 FA$j169572$B169572$CSeMilBibl$Z2$F180359 $8I 996 $6245$aRubricae seu summaria Codicis iuris pontificii seu canonicii$9(OLS)http://semarc/title/314514